1735 1634 1723 1239 1528 1311 1832 1416 1536 1197 1629 1240 1324 1718 1168 1974 1744 1006 1209 1295 1035 1347 1710 1178 1869 1503 1511 1952 1714 1931 1087 1786 1511 1297 1039 1458 1198 1943 1568 1153 1496 1934 1399 1843 1555 1996 1677 1474 1574 1909 1364 1688 1171 1471 1751 1175 1281 1254 1995 1794 1870 1192 1570 1735 1437 1757 1009 1364 1075 1920 1459 1073 1205 1421 1424 1749 1003 1840 1607 1717 1217 1846 1920 1407 1043 1821 1423 1243 1220 1828 1878 1938 1517 1454 1351 1168 1646 1795 1223 BCNSPRNW ULIB Ver.6.0+V

เปลี่ยนเป็นภาษาไทย

Change to English
 แสดงรายละเอียดบรรณานุกรม
  กลับหน้าหลัก

Brief Record : Get Marc (ISO 2709) : E-mail record : QR code < ปิดหน้าต่าง
LEADER : 00000nam 2200000uu 4500
001    13399125390
003     ULIB
008    170523s2559||||th 000 0 tha d
020    ^a9786167741208
060  0 ^aWY 100 ภ413ป 2559 ล.2
100 0  ^aคณาจารย์ภาควิชาการบริหารการพยาบาลและพื้นฐานวิชาชีพ
245 00 ^aปฏิบัติการพยาบาลพื้นฐาน 2 /คณาจารย์ภาควิชาการบริหารการพยาบาลและพื้นฐานวิชาชีพ
250    ^aพิมพ์ครั้งที่ 2
260    ^aกรุงเทพฯ : ภาควิชาการบริหารการพยาบาลและพื้นฐานวิชาชีพ , 2559
300    ^a173 หน้า :ภาพประกอบ ;26 ซม.
650  0 ^aพยาบาลพื้นฐาน
650  0 ^aพยาลวิชาชีพ
945    ^p220^l0^i24298
945    ^p220^l0^i24260
945    ^p220^l0^i24261
945    ^p220^l0^i24262
945    ^p220^l0^i24265
945    ^p220^l0^i24269
945    ^p220^l0^i24270
945    ^p220^l0^i24271
945    ^p220^l0^i24272
945    ^p220^l0^i24273
945    ^p220^l0^i24274
945    ^p220^l0^i24275
945    ^p220^l0^i24276
945    ^p220^l0^i24277
945    ^p220^l0^i24278
945    ^p220^l0^i24279
945    ^p220^l0^i24280
945    ^p220^l0^i24281
945    ^p220^l0^i24282
945    ^p220^l0^i24290
945    ^p220^l0^i24291
945    ^p220^l0^i24292
945    ^p220^l0^i24301
945    ^p220^l0^i24294
945    ^p220^l0^i24295
945    ^p220^l0^i24296
945    ^p220^l0^i24297
945    ^p220^l0^i24299
945    ^p220^l0^i24300
999    ^aกัณชพร
รายการนี้ยังไม่มีแท็ก
คุณยังไม่ได้ล็อกอิน คุณสามารถมีกิจกรรมร่วมกับเว็บไซต์ได้ แต่ต้องล็อกอินก่อน ::
  ล็อกอิน

รายการสื่อสารสนเทศ

ลำดับที่ ประเภท เลขเรียก/บาร์โค้ด สถานที่ สถานะ
1. หนังสือสำรอง
หนังสือสำรอง
WY 100 ภ413ป 2559 ล.2 ฉ.1 
  Barcode: 24260
ห้องสมุดวิทยาเขตนครสวรรค์
►หนังสือทั่วไป:l:General Books
ถูกยืม กำหนดส่งวันที่ 6 กรกฎาคม 2569
  จอง
2. วิทยาศาสตร์การแพทย์ และสุขภาพ
วิทยาศาสตร์การแพทย์ และสุขภาพ
WY 100 ภ413ป 2559 ล.2 ฉ.10 
  Barcode: 24274
ห้องสมุดวิทยาเขตนครสวรรค์
►หนังสือทั่วไป:l:General Books
บนชั้น
3. วิทยาศาสตร์การแพทย์ และสุขภาพ
วิทยาศาสตร์การแพทย์ และสุขภาพ
WY 100 ภ413ป 2559 ล.2 ฉ.11 
  Barcode: 24275
ห้องสมุดวิทยาเขตนครสวรรค์
►หนังสือทั่วไป:l:General Books
บนชั้น
4. วิทยาศาสตร์การแพทย์ และสุขภาพ
วิทยาศาสตร์การแพทย์ และสุขภาพ
WY 100 ภ413ป 2559 ล.2 ฉ.12 
  Barcode: 24276
ห้องสมุดวิทยาเขตนครสวรรค์
►หนังสือทั่วไป:l:General Books
บนชั้น
5. วิทยาศาสตร์การแพทย์ และสุขภาพ
วิทยาศาสตร์การแพทย์ และสุขภาพ
WY 100 ภ413ป 2559 ล.2 ฉ.13 
  Barcode: 24277
ห้องสมุดวิทยาเขตนครสวรรค์
►หนังสือทั่วไป:l:General Books
ถูกยืม กำหนดส่งวันที่ 10 กรกฎาคม 2569
  จอง
6. วิทยาศาสตร์การแพทย์ และสุขภาพ
วิทยาศาสตร์การแพทย์ และสุขภาพ
WY 100 ภ413ป 2559 ล.2 ฉ.14 
  Barcode: 24278
ห้องสมุดวิทยาเขตนครสวรรค์
►หนังสือทั่วไป:l:General Books
บนชั้น
7. วิทยาศาสตร์การแพทย์ และสุขภาพ
วิทยาศาสตร์การแพทย์ และสุขภาพ
WY 100 ภ413ป 2559 ล.2 ฉ.15 
  Barcode: 24279
ห้องสมุดวิทยาเขตนครสวรรค์
►หนังสือทั่วไป:l:General Books
ถูกยืม กำหนดส่งวันที่ 10 กรกฎาคม 2569
  จอง
8. วิทยาศาสตร์การแพทย์ และสุขภาพ
วิทยาศาสตร์การแพทย์ และสุขภาพ
WY 100 ภ413ป 2559 ล.2 ฉ.16 
  Barcode: 24280
ห้องสมุดวิทยาเขตนครสวรรค์
►หนังสือทั่วไป:l:General Books
บนชั้น
9. วิทยาศาสตร์การแพทย์ และสุขภาพ
วิทยาศาสตร์การแพทย์ และสุขภาพ
WY 100 ภ413ป 2559 ล.2 ฉ.17 
  Barcode: 24281
ห้องสมุดวิทยาเขตนครสวรรค์
►หนังสือทั่วไป:l:General Books
ถูกยืม กำหนดส่งวันที่ 6 กรกฎาคม 2569
  จอง
10. วิทยาศาสตร์การแพทย์ และสุขภาพ
วิทยาศาสตร์การแพทย์ และสุขภาพ
WY 100 ภ413ป 2559 ล.2 ฉ.18 
  Barcode: 24282
ห้องสมุดวิทยาเขตนครสวรรค์
►หนังสือทั่วไป:l:General Books
บนชั้น
11. วิทยาศาสตร์การแพทย์ และสุขภาพ
วิทยาศาสตร์การแพทย์ และสุขภาพ
WY 100 ภ413ป 2559 ล.2 ฉ.19 
  Barcode: 24290
ห้องสมุดวิทยาเขตนครสวรรค์
►หนังสือทั่วไป:l:General Books
บนชั้น
12. วิทยาศาสตร์การแพทย์ และสุขภาพ
วิทยาศาสตร์การแพทย์ และสุขภาพ
WY 100 ภ413ป 2559 ล.2 ฉ.2 
  Barcode: 24261
ห้องสมุดวิทยาเขตนครสวรรค์
►หนังสือทั่วไป:l:General Books
บนชั้น
13. วิทยาศาสตร์การแพทย์ และสุขภาพ
วิทยาศาสตร์การแพทย์ และสุขภาพ
WY 100 ภ413ป 2559 ล.2 ฉ.20 
  Barcode: 24291
ห้องสมุดวิทยาเขตนครสวรรค์
►หนังสือทั่วไป:l:General Books
ถูกยืม กำหนดส่งวันที่ 31 สิงหาคม 2568
  จอง
14. วิทยาศาสตร์การแพทย์ และสุขภาพ
วิทยาศาสตร์การแพทย์ และสุขภาพ
WY 100 ภ413ป 2559 ล.2 ฉ.21 
  Barcode: 24292
ห้องสมุดวิทยาเขตนครสวรรค์
►หนังสือทั่วไป:l:General Books
บนชั้น
15. วิทยาศาสตร์การแพทย์ และสุขภาพ
วิทยาศาสตร์การแพทย์ และสุขภาพ
WY 100 ภ413ป 2559 ล.2 ฉ.22 
  Barcode: 24301
ห้องสมุดวิทยาเขตนครสวรรค์
►หนังสือทั่วไป:l:General Books
ถูกยืม กำหนดส่งวันที่ 10 กรกฎาคม 2569
  จอง
16. วิทยาศาสตร์การแพทย์ และสุขภาพ
วิทยาศาสตร์การแพทย์ และสุขภาพ
WY 100 ภ413ป 2559 ล.2 ฉ.23 
  Barcode: 24294
ห้องสมุดวิทยาเขตนครสวรรค์
►หนังสือทั่วไป:l:General Books
บนชั้น
17. วิทยาศาสตร์การแพทย์ และสุขภาพ
วิทยาศาสตร์การแพทย์ และสุขภาพ
WY 100 ภ413ป 2559 ล.2 ฉ.24 
  Barcode: 24295
ห้องสมุดวิทยาเขตนครสวรรค์
►หนังสือทั่วไป:l:General Books
บนชั้น
18. วิทยาศาสตร์การแพทย์ และสุขภาพ
วิทยาศาสตร์การแพทย์ และสุขภาพ
WY 100 ภ413ป 2559 ล.2 ฉ.25 
  Barcode: 24296
ห้องสมุดวิทยาเขตนครสวรรค์
►หนังสือทั่วไป:l:General Books
บนชั้น
19. วิทยาศาสตร์การแพทย์ และสุขภาพ
วิทยาศาสตร์การแพทย์ และสุขภาพ
WY 100 ภ413ป 2559 ล.2 ฉ.26 
  Barcode: 24297
ห้องสมุดวิทยาเขตนครสวรรค์
►หนังสือทั่วไป:l:General Books
บนชั้น
20. วิทยาศาสตร์การแพทย์ และสุขภาพ
วิทยาศาสตร์การแพทย์ และสุขภาพ
WY 100 ภ413ป 2559 ล.2 ฉ.27 
  Barcode: 24298
ห้องสมุดวิทยาเขตนครสวรรค์
►หนังสือทั่วไป:l:General Books
ถูกยืม กำหนดส่งวันที่ 10 กรกฎาคม 2569
  จอง
21. วิทยาศาสตร์การแพทย์ และสุขภาพ
วิทยาศาสตร์การแพทย์ และสุขภาพ
WY 100 ภ413ป 2559 ล.2 ฉ.28 
  Barcode: 24299
ห้องสมุดวิทยาเขตนครสวรรค์
►หนังสือทั่วไป:l:General Books
บนชั้น
22. วิทยาศาสตร์การแพทย์ และสุขภาพ
วิทยาศาสตร์การแพทย์ และสุขภาพ
WY 100 ภ413ป 2559 ล.2 ฉ.29 
  Barcode: 24300
ห้องสมุดวิทยาเขตนครสวรรค์
►หนังสือทั่วไป:l:General Books
บนชั้น
23. วิทยาศาสตร์การแพทย์ และสุขภาพ
วิทยาศาสตร์การแพทย์ และสุขภาพ
WY 100 ภ413ป 2559 ล.2 ฉ.3 
  Barcode: 24262
ห้องสมุดวิทยาเขตนครสวรรค์
►หนังสือทั่วไป:l:General Books
ถูกยืม กำหนดส่งวันที่ 10 กรกฎาคม 2569
  จอง
*เพิ่งรับคืน
24. วิทยาศาสตร์การแพทย์ และสุขภาพ
วิทยาศาสตร์การแพทย์ และสุขภาพ
WY 100 ภ413ป 2559 ล.2 ฉ.4 
  Barcode: 24265
ห้องสมุดวิทยาเขตนครสวรรค์
►หนังสือทั่วไป:l:General Books
บนชั้น
25. วิทยาศาสตร์การแพทย์ และสุขภาพ
วิทยาศาสตร์การแพทย์ และสุขภาพ
WY 100 ภ413ป 2559 ล.2 ฉ.5 
  Barcode: 24269
ห้องสมุดวิทยาเขตนครสวรรค์
►หนังสือทั่วไป:l:General Books
บนชั้น
26. วิทยาศาสตร์การแพทย์ และสุขภาพ
วิทยาศาสตร์การแพทย์ และสุขภาพ
WY 100 ภ413ป 2559 ล.2 ฉ.6 
  Barcode: 24270
ห้องสมุดวิทยาเขตนครสวรรค์
►หนังสือทั่วไป:l:General Books
บนชั้น
27. วิทยาศาสตร์การแพทย์ และสุขภาพ
วิทยาศาสตร์การแพทย์ และสุขภาพ
WY 100 ภ413ป 2559 ล.2 ฉ.7 
  Barcode: 24271
ห้องสมุดวิทยาเขตนครสวรรค์
►หนังสือทั่วไป:l:General Books
บนชั้น
28. วิทยาศาสตร์การแพทย์ และสุขภาพ
วิทยาศาสตร์การแพทย์ และสุขภาพ
WY 100 ภ413ป 2559 ล.2 ฉ.8 
  Barcode: 24272
ห้องสมุดวิทยาเขตนครสวรรค์
►หนังสือทั่วไป:l:General Books
บนชั้น
29. วิทยาศาสตร์การแพทย์ และสุขภาพ
วิทยาศาสตร์การแพทย์ และสุขภาพ
WY 100 ภ413ป 2559 ล.2 ฉ.9 
  Barcode: 24273
ห้องสมุดวิทยาเขตนครสวรรค์
►หนังสือทั่วไป:l:General Books
บนชั้น

รายการใกล้เคียง
    ชื่อเรื่อง [ปฏิบัติการพยาบาลพื้นฐาน 2 /คณาจารย์ภาควิชาการบริหารการพยาบาลและพื้นฐานวิชาชีพ]

    ผู้แต่ง [คณาจารย์ภาควิชาการบริหารการพยาบาลและพื้นฐานวิชาชีพ]

    หัวเรื่อง [พยาบาลพื้นฐาน]
    หัวเรื่อง [พยาลวิชาชีพ]

BibComment


ยังไม่เคยถูกคอมเมนท์

คอมเมนท์ทรัพยากรรายการนี้
  คอมเมนท์: ปฏิบัติการพยาบาล..


 Copyright 2026. Bcnsprnw @Library